Alter Kacyzne als Schriftsteller
| Titel: | Alter Kacyzne als Schriftsteller : original und übersetzt - eine kleine Bücherschau ; Katalog zur Ausstellung zum VIII. Symposium für jiddische Studien in Deutschland ; Trier und Schweich, 26. bis 28. September 2005 / [Hrsg. von der Jiddistik im Fachbereich Sprach- und Literaturwissenschaften der Universtiät Trier]. Hrsg. von Ane Kleine ... |
|---|---|
| Beteiligt: | |
| Körperschaft: |
|
| Veröffentlicht: | Trier : Univ., 2005 |
| Umfang: | 56 S. : Ill. |
| Format: | Buch |
| Sprache: | Deutsch |
| Schriftenreihe/ mehrbändiges Werk: |
Jiddistik-Mitteilungen ; 2005, Sonderh. |
X
alg: 18284085 001A $00030:29-11-06 001B $01999:26-05-23 $t22:06:10.000 001D $00030:29-11-06 001U $0utf8 001X $00 002@ $0Aau 003@ $0182840859 003O $079456183 $aOCoLC 007A $0182840859 $aHEB 010@ $ager 011@ $a2005 021A $aAlter Kacyzne als Schriftsteller $doriginal und übersetzt - eine kleine Bücherschau ; Katalog zur Ausstellung zum VIII. Symposium für jiddische Studien in Deutschland ; Trier und Schweich, 26. bis 28. September 2005 $h[Hrsg. von der Jiddistik im Fachbereich Sprach- und Literaturwissenschaften der Universtiät Trier]. Hrsg. von Ane Kleine ... 028C $BHrsg. $7120989867 $8Kleine, Ane$Z1968- [Tp1] $9152471944 029F $76507471-3 $8Symposium für Jiddische Studien in Deutschland$n8$d2005$cTrier; Schweich [Tf1] $9133718085 029F/01 $RUniversität Trier $#Universität Trier, Fachbereich Sprach- und Literaturwissenschaften $#Fachbereich Sprach- und Literaturwissenschaften der Universität Trier $72099915-X $8Universität Trier$bFachbereich 2 [Tb1] $9043449174 033A $pTrier $nUniv. 034D $a56 S. 034M $aIll. 036E $aJiddistik-Mitteilungen $l2005, Sonderh. 036F $x42005 sonderh $8Jiddistik-Mitteilungen $9182691470 $l2005, Sonderh. 045F $a809 $eDDC23BSB 045F/01 $a809 045F/03 $g438 045G $a909.04924 $eDDC23BSB 045G/01 $a909.04924 lok: 18284085 3 101B $025-03-25 $t15:31:09.000 101C $003-07-17 101U $0utf8 145S/02 $a770 145S/11 $ajea 145Z/01 $a900 Da exp: 18284085 3 1 #EPN 201B/01 $030-04-16 $t15:35:26.000 201C/01 $029-11-06 201U/01 $0utf8 203@/01 $0489851355 208@/01 $a29-11-06 $bzAa 209A/01 $aHM 24: Af 526 Bd. 2005, Sonderh. $ds $f000 $hHM 24 AF 526 / B 2005 SD $x00 209A/01 $aZs 19709 Bd. 2005, Sonderh. $hZS 19709 / B 2005 SD $x09 209G/01 $a54414951 $x00 247C/01 $8601000-3 <30>Frankfurt, Universitätsbibliothek J. C. Senckenberg, Zentralbibliothek (ZB) $9102598258 lok: 18284085 24 101B $026-09-07 $t12:12:28.000 101C $026-09-07 101U $0utf8 145Z/01 $a2 K 2811 145Z/02 $a26 10 E 145Z/03 $a38 10 E exp: 18284085 24 1 #EPN 201B/01 $022-03-12 $t17:12:22.000 201C/01 $002-01-07 201U/01 $0utf8 203@/01 $0499348184 208@/01 $a26-09-07 $bz 209A/01 $a07.4696 $du $f050 $h07 4696 $x00 209C/01 $a07.4696 G $h07 4696 G 209G/01 $a71926974 $x00 220C/01 $awar/gro 244Z/01 $#קאציזנע, אלטער שלום yidd $#קאציזנע, אלטער $#Kacyzne, A. $#Kacyzne, Alter Sholem $#Katzizne, Alter $#Katzyzne, Alter $#Kazisne, Alter $#Katsizne, Alter $#Katzizne, Alter Šlojme $#Katsizne, Alter Shloyme $#Kacyzne, Alter-Sholem $#Kacyzne, Sz. A. $#Kacyzna, Alter $#קאציזנע, א. $7122359712 $8--Tp1--Kacyzne, Alter$Z1885-1941 $x01 $9098491261 247C/01 $8358050-7Marburg, Bibliothek des Herder-Instituts Marburg $9102600961
| LEADER | 00000cam a2200000 c 4500 | ||
|---|---|---|---|
| 001 | 182840859 | ||
| 003 | DE-603 | ||
| 005 | 20230526220610.0 | ||
| 007 | tu | ||
| 008 | 061129s2005 xx |||| | u00||u|ger c | ||
| 035 | |a (DE-599)HEB182840859 | ||
| 035 | |a (OCoLC)79456183 | ||
| 040 | |a DE-603 |b ger |c DE-603 |d DE-603 | ||
| 041 | |a ger | ||
| 082 | 0 | 4 | |8 1\u |a 809 |q DE-101 |2 23/BSB |
| 083 | 0 | |8 2\u |a 909.04924 |q DE-101 |2 23/BSB | |
| 085 | |8 1\u |b 809 | ||
| 085 | |8 1\u |z 2 |s 438 | ||
| 085 | |8 2\u |b 909.04924 | ||
| 245 | 0 | 0 | |a Alter Kacyzne als Schriftsteller |b original und übersetzt - eine kleine Bücherschau ; Katalog zur Ausstellung zum VIII. Symposium für jiddische Studien in Deutschland ; Trier und Schweich, 26. bis 28. September 2005 |c [Hrsg. von der Jiddistik im Fachbereich Sprach- und Literaturwissenschaften der Universtiät Trier]. Hrsg. von Ane Kleine ... |
| 264 | 1 | |a Trier |b Univ. |c 2005 | |
| 300 | |a 56 S. |b Ill. | ||
| 490 | 1 | |a Jiddistik-Mitteilungen |v 2005, Sonderh. | |
| 700 | 1 | |a Kleine, Ane |d 1968- |e Hrsg. |4 edt |0 (DE-603)152471944 |0 (DE-588)120989867 |2 gnd | |
| 710 | 2 | |a Universität Trier |b Fachbereich 2 |0 (DE-603)043449174 |0 (DE-588)2099915-X |2 gnd | |
| 711 | 2 | |a Symposium für Jiddische Studien in Deutschland |n 8 |d 2005 |c Trier; Schweich |0 (DE-603)133718085 |0 (DE-588)6507471-3 |2 gnd | |
| 830 | 0 | |t Jiddistik-Mitteilungen |v 2005, Sonderh. |w (DE-603)182691470 |w (DE-600)1009739-9 |9 42005 sonderh |7 as | |
| 924 | 0 | |9 30 |a (DE-603)489851355 |b DE-30 |c HES |d b |g HM 24: Af 526 Bd. 2005, Sonderh. |i Zs 19709 Bd. 2005, Sonderh. | |
| 924 | 0 | |9 Mb 50 |a (DE-603)499348184 |b DE-Mb50 |c HES |d c |g 07.4696 | |


